000 00637nam a2200217 a 4500
005 20220902194052.0
008 090617s1996 es r 000 0 spa d
020 _a8423676625
035 _aUPN01000171210
049 _aCG
050 4 _aPQ6657 O5.4
_bD5.3
100 1 _aGómez Ojea, Carmen,
_d1945-
_930273
245 1 3 _aEl diccionario de Carola /
_cCarmen Gómez Ojea.
260 _aMadrid :
_bEdebé,
_c1996.
300 _a125 p.
440 0 _aPeriscopio ;
_v28
586 _aPremio Edebé de literatura juvenil
650 0 _aLiteratura juvenil española
_912359
650 7 _aMujeres en la literatura
_2
_92269
905 _aLibro
999 _c143315
_d143315